Landlord and tenant law (Record no. 106410)

MARC details
000 -LEADER
fixed length control field 01930cam a2200433 4500
001 - CONTROL NUMBER
control field L136493
008 - FIXED-LENGTH DATA ELEMENTS--GENERAL INFORMATION
fixed length control field 070205n2006 000 0 eng u
020 ## - INTERNATIONAL STANDARD BOOK NUMBER
International Standard Book Number 1841135933
-- 9781841135939
035 ## - SYSTEM CONTROL NUMBER
System control number (Sirsi) u136493
041 0# - LANGUAGE CODE
Language code of text/sound track or separate title eng
050 04 - LIBRARY OF CONGRESS CALL NUMBER
Classification number 346.410434 $2 18
100 1# - MAIN ENTRY--PERSONAL NAME
Personal name Bright, Susan
245 00 - TITLE STATEMENT
Title Landlord and tenant law
Remainder of title past, present and future
260 ## - PUBLICATION, DISTRIBUTION, ETC.
Place of publication, distribution, etc. Oxford
Name of publisher, distributor, etc. Hart
Date of publication, distribution, etc. 2006
300 ## - PHYSICAL DESCRIPTION
Extent xliii, 281p.
Dimensions 24cm.
350 ## - PRICE (NR) (BK AM CF MU VM SE) [OBSOLETE]
Price 57.00
505 2# - FORMATTED CONTENTS NOTE
Formatted contents note Landlord and tenant law: mapping the rest past -- Street v Mountford revisited -- Judicial directions in landlord and tenant law: different policies for different sectors -- Commercial leases past and present: the contribution of the Law Commission -- Commercial leases: future directions -- Agricultural tenancies: past and present -- Agricultural tenancies: future directions -- Long residential leases: past and present -- Housing law: past and present -- Housing law: the future -- Recent developments in Australian residential tenancies laws -- Impoverished tenants in 20th Century America
520 ## - SUMMARY, ETC.
Summary, etc. Discusses patterns of landlord and tenant laws within the different property sectors, legislative, judicial and policy developments in property law, and the role market forces have played and are expected to continue to play in shaping the law.
590 ## - LOCAL NOTE (RLIN)
Local note KA
650 24 - SUBJECT ADDED ENTRY--TOPICAL TERM
Topical term or geographic name entry element STREET V MOUNTFORD
651 #4 - SUBJECT ADDED ENTRY--GEOGRAPHIC NAME
Geographic name United Kingdom
Chronological subdivision
651 #4 - SUBJECT ADDED ENTRY--GEOGRAPHIC NAME
Geographic name AUSTRALIA
651 #4 - SUBJECT ADDED ENTRY--GEOGRAPHIC NAME
Geographic name UNITED STATES
690 ## - LOCAL SUBJECT ADDED ENTRY--TOPICAL TERM (OCLC, RLIN)
Topical term or geographic name as entry element Landlord and tenant
9 (RLIN) 6252
700 1# - ADDED ENTRY--PERSONAL NAME
Personal name Wood, Derek
700 1# - ADDED ENTRY--PERSONAL NAME
Personal name Blandy, Sarah
700 1# - ADDED ENTRY--PERSONAL NAME
Personal name Hunter, Caroline
700 1# - ADDED ENTRY--PERSONAL NAME
Personal name Bridge, Stuart
700 1# - ADDED ENTRY--PERSONAL NAME
Personal name Murdoch, Sandi
700 1# - ADDED ENTRY--PERSONAL NAME
Personal name Densham, Andrew
700 1# - ADDED ENTRY--PERSONAL NAME
Personal name Cardwell, Michael N.
700 1# - ADDED ENTRY--PERSONAL NAME
Personal name Davey, Martin
700 1# - ADDED ENTRY--PERSONAL NAME
Personal name Clarke, David
700 1# - ADDED ENTRY--PERSONAL NAME
Personal name Arden, Andrew
700 1# - ADDED ENTRY--PERSONAL NAME
Personal name Partington, Martin
700 1# - ADDED ENTRY--PERSONAL NAME
Personal name Neave, Marcia
700 1# - ADDED ENTRY--PERSONAL NAME
Personal name Chused, Richard
942 ## - ADDED ENTRY ELEMENTS (KOHA)
Suppress in OPAC 0
Holdings
Withdrawn status Lost status Source of classification or shelving scheme Damaged status Not for loan Home library Current library Shelving location Date acquired Cost, normal purchase price Total Checkouts Full call number Barcode Date last seen Date last checked out Copy number Cost, replacement price Price effective from Koha item type
    Dewey Decimal Classification     London London Books 26/02/2007 51.00 17 346.410434 BRI 30073691 06/08/2019 03/11/2009 1 51.00 06/08/2019 Book